यह ख़बर नहीं / (Record no. 114549)

MARC details
000 -LEADER
fixed length control field 00998nam a22002777a 4500
003 - CONTROL NUMBER IDENTIFIER
control field dpl
005 - DATE AND TIME OF LATEST TRANSACTION
control field 20190226135008.0
008 - FIXED-LENGTH DATA ELEMENTS--GENERAL INFORMATION
fixed length control field 190226b ||||| |||| 00| 0 eng d
010 ## - LIBRARY OF CONGRESS CONTROL NUMBER
LC control number A-985694, A-985712
020 ## - INTERNATIONAL STANDARD BOOK NUMBER
Terms of availability 150.00
035 ## - SYSTEM CONTROL NUMBER
System control number A-985694, A-985712
037 ## - SOURCE OF ACQUISITION
Source of stock number/acquisition Cen Lib/Ret
040 ## - CATALOGING SOURCE
Original cataloging agency DPL
Language of cataloging HN
Transcribing agency 0
082 ## - DEWEY DECIMAL CLASSIFICATION NUMBER
Classification number
Item number कमल
100 ## - MAIN ENTRY--PERSONAL NAME
Personal name कमल कुमार
9 (RLIN) 57271
245 ## - TITLE STATEMENT
Title यह ख़बर नहीं /
Statement of responsibility, etc कमल कुमार
246 ## - VARYING FORM OF TITLE
Title proper/short title Yeh khabar nahin /
Remainder of title by Kamal Kumar
260 ## - PUBLICATION, DISTRIBUTION, ETC. (IMPRINT)
Place of publication, distribution, etc दिल्ली
Name of publisher, distributor, etc अखिल भारती
Date of publication, distribution, etc 1999
270 ## - ADDRESS
Address 3014, चर्खेवालन
City दिल्ली
Postal code 110006
300 ## - PHYSICAL DESCRIPTION
Extent 156पृ.
Dimensions 21सेमी (सजिल्द)
650 ## - SUBJECT ADDED ENTRY--TOPICAL TERM
Topical term or geographic name as entry element हिन्दी -- साहित्य
9 (RLIN) 57272
650 ## - SUBJECT ADDED ENTRY--TOPICAL TERM
Topical term or geographic name as entry element हिन्दी -- उपन्यास
9 (RLIN) 57273
650 ## - SUBJECT ADDED ENTRY--TOPICAL TERM
Topical term or geographic name as entry element Hindi -- Literature
9 (RLIN) 57274
650 ## - SUBJECT ADDED ENTRY--TOPICAL TERM
Topical term or geographic name as entry element Hindi -- Fiction
9 (RLIN) 27248
942 ## - ADDED ENTRY ELEMENTS (KOHA)
Source of classification or shelving scheme Dewey Decimal Classification
Koha item type Hindi Books
Classification part
Call number suffix कमल
Holdings
Withdrawn status Lost status Damaged status Not for loan Home library Current library Date acquired Source of acquisition Cost, normal purchase price Total Checkouts Full call number Barcode Date last seen Copy number Cost, replacement price Price effective from Koha item type Public note Source of classification or shelving scheme Collection code
Written off       Central Library Central Library 18/08/2015 Cen Lib/Ret 150.00   उ कमल A-985694 18/08/2015 1 150.00 18/08/2015 Hindi Books Written off on approval by DLB (By Circulation); dtd 20.12.2022    
        Shahdara Branch Shahdara Branch 26/02/2019 BPPD/PUB     उ कमल A-985712 26/02/2019     26/02/2019 Hindi Books   Dewey Decimal Classification Fiction

© Delhi Public Library
Hit Counter
free hit counter